[Event "Karnevalsopen"]
[Site "Solingen"]
[Date "2010.02.13"]
[Round "2"]
[White "Fichtner, Ewald"]
[Black "Wolter, Kai"]
[Result "0-1"]
[WhiteElo "1956"]
[BlackElo "2203"]
[PlyCount "86"]
[EventDate "2010.02.14"]
[EventType "swiss"]
[EventRounds "5"]
[EventCountry "GER"]

1. d4 Nf6 2. Bf4 g6 3. e3 Bg7 4. Nf3 d6 5. h3 O-O 6. Be2 c5 7. c3 Qb6 8. Qb3
Qxb3 9. axb3 Nc6 10. Nbd2 cxd4 11. exd4 Nd5 12. Bg3 e5 13. dxe5 dxe5 14. O-O
Rd8 15. Rfd1 Bf5 16. Ne1 Rd7 17. Nc4 Rad8 18. Nd3 Nxc3 19. bxc3 Bxd3 20. Bxd3
Rxd3 21. Nb2 Rxd1+ 22. Rxd1 Rxd1+ 23. Nxd1 f5 24. Kf1 Kf7 25. Ke2 Ke6 26. f3
Na5 27. b4 Nc4 28. Bf2 a6 29. Bc5 b6 30. Bg1 Kd5 31. g4 a5 32. bxa5 bxa5 33.
Kd3 a4 34. Kc2 Bf8 35. h4 a3 36. Ne3+ Nxe3+ 37. Bxe3 Kc4 38. h5 Bc5 39. hxg6
hxg6 40. Bd2 e4 41. fxe4 fxe4 42. Be1 Bg1 43. Kb1 Kb3 0-1

[Event "Karnevalsopen"]
[Site "Solingen"]
[Date "2010.02.13"]
[Round "2"]
[White "Harff, Marcel"]
[Black "Maczkowiak, Thomas"]
[Result "1-0"]
[WhiteElo "2174"]
[BlackElo "1943"]
[PlyCount "71"]
[EventDate "2010.02.14"]
[EventType "swiss"]
[EventRounds "5"]
[EventCountry "GER"]

1. c4 Nf6 2. g3 d5 3. Bg2 c6 4. Nf3 g6 5. b3 Bg7 6. Bb2 O-O 7. O-O Nbd7 8. d4
e6 9. Nbd2 Ne4 10. Ne1 f5 11. f3 Ng5 12. Nd3 Qb6 13. c5 Qc7 14. Kh1 Kh8 15. b4
Nf7 16. e4 Nf6 17. e5 Ng8 18. a4 g5 19. b5 Qe7 20. Nb4 Bd7 21. Qe2 h5 22. Bc3
Ngh6 23. f4 g4 24. a5 cxb5 25. a6 Bc6 26. axb7 Qxb7 27. Nb3 Nd8 28. Ra6 Qc7 29.
Rfa1 Rf7 30. Nxc6 Nxc6 31. Qxb5 Rb8 32. Qa4 Qb7 33. Nd2 Rc7 34. Bf1 Bf8 35. Rb1
Qa8 36. Rxc6 1-0

[Event "Karnevalsopen"]
[Site "Solingen"]
[Date "2010.02.13"]
[Round "2"]
[White "Flesch, Stefan"]
[Black "Lasschuit, René"]
[Result "0-1"]
[WhiteElo "2134"]
[BlackElo "1881"]
[PlyCount "66"]
[EventDate "2010.02.14"]
[EventType "swiss"]
[EventRounds "5"]
[EventCountry "GER"]

1. d4 e6 2. Nf3 f5 3. g3 Nf6 4. Bg2 g6 5. O-O Bg7 6. c4 O-O 7. d5 Qe7 8. Nc3
Na6 9. Bf4 h6 10. h4 d6 11. dxe6 Bxe6 12. Nd5 Bxd5 13. cxd5 Ne4 14. Nd4 Nac5
15. f3 g5 16. fxe4 gxf4 17. Nxf5 Rxf5 18. exf5 Qe3+ 19. Kh1 Ne4 20. Bxe4 Qxe4+
21. Kh2 fxg3+ 22. Kxg3 Bf6 23. e3 Qxh4+ 24. Kf3 Qh5+ 25. Ke4 Qe8+ 26. Kd3 Qb5+
27. Kd2 Qxb2+ 28. Qc2 Qb4+ 29. Ke2 Qg4+ 30. Kd3 Bxa1 31. Rxa1 Qxf5+ 32. Kd2
Qxd5+ 33. Kc1 Qc5 0-1

[Event "Karnevalsopen"]
[Site "Solingen"]
[Date "2010.02.13"]
[Round "2"]
[White "Ortleb, Thomas"]
[Black "Rist, Kurt"]
[Result "0-1"]
[WhiteElo "1896"]
[BlackElo "1633"]
[PlyCount "82"]
[EventDate "2010.02.14"]
[EventType "swiss"]
[EventRounds "5"]
[EventCountry "GER"]

1. d4 Nf6 2. Bf4 d6 3. e3 Bf5 4. c3 Nbd7 5. Nf3 e6 6. h3 Be7 7. Bd3 Bxd3 8.
Qxd3 c5 9. Nbd2 O-O 10. O-O d5 11. Rab1 Qa5 12. a3 Qa4 13. Rfe1 c4 14. Qe2 Rac8
15. e4 Nb6 16. e5 Nh5 17. Be3 g6 18. g4 Ng7 19. Bh6 Rfe8 20. Bxg7 Kxg7 21. g5
Qc2 22. h4 Na4 23. Rec1 Qf5 24. Nf1 Rh8 25. Ng3 Qh3 26. Qf1 Qg4 27. Qg2 Qf4 28.
Ne2 Qe4 29. Ng3 Qg4 30. Nf1 Qf4 31. Ne3 h6 32. Qg4 hxg5 33. hxg5 Qe4 34. Qxe4
dxe4 35. Nd2 Rh4 36. Ndxc4 Bxg5 37. b3 Nb6 38. Nd6 Rch8 39. f4 Bxf4 40. Ng2
Rh1+ 41. Kf2 Bxc1 0-1

[Event "Karnevalsopen"]
[Site "Solingen"]
[Date "2010.02.13"]
[Round "2"]
[White "Wastian, Jan"]
[Black "Fränzel, Marius"]
[Result "1/2-1/2"]
[WhiteElo "1391"]
[BlackElo "1694"]
[PlyCount "119"]
[EventDate "2010.02.14"]
[EventType "swiss"]
[EventRounds "5"]
[EventCountry "GER"]

1. e4 e5 2. Nf3 Nc6 3. Bc4 Nf6 4. Ng5 d5 5. exd5 b5 6. Bf1 Nxd5 7. Bxb5 Bd7 8.
Ne4 Be7 9. O-O O-O 10. d3 Nb6 11. Be3 a6 12. Bxb6 axb5 13. Bc5 f5 14. Bxe7 Qxe7
15. Ng3 b4 16. Nd2 Kh8 17. f4 exf4 18. Rxf4 Qe3+ 19. Rf2 Rae8 20. Qf3 Qd4 21.
Nc4 Ne5 22. Qf4 Qxf4 23. Rxf4 Ng6 24. Rf2 f4 25. Ne4 Be6 26. Ncd2 Bd5 27. a3
bxa3 28. Rxa3 Ne5 29. h3 Nd7 30. Ra7 Rc8 31. c3 Ne5 32. Nc5 g5 33. d4 Ng6 34.
b3 Rfe8 35. Kf1 Nh4 36. Nf3 Bxf3 37. gxf3 Re3 38. Ne4 Nxf3 39. Nf6 Rxc3 40. Re2
Kg7 41. Nd5 Rxb3 42. Ne7 Rf8 43. Rxc7 Rf7 44. Nf5+ Kf6 45. Ne7 Nxd4 46. Nd5+
Kg7 47. Rxf7+ Kxf7 48. Re5 h6 49. Re4 Nf5 50. Kg2 Ne3+ 51. Nxe3 Rxe3 52. Rxe3
fxe3 53. Kf3 Kf6 54. Kxe3 Kf5 55. Kf3 h5 56. Ke3 g4 57. hxg4+ hxg4 58. Kf2 Kf4
59. Kg2 g3 60. Kg1 1/2-1/2

[Event "Karnevalsopen"]
[Site "Solingen"]
[Date "2010.02.13"]
[Round "2"]
[White "Görke, Joachim"]
[Black "Westendorp, Christian"]
[Result "1-0"]
[WhiteElo "2162"]
[BlackElo "1829"]
[PlyCount "133"]
[EventDate "2010.02.14"]
[EventType "swiss"]
[EventRounds "5"]
[EventCountry "GER"]

1. d4 Nf6 2. c4 e6 3. Nc3 d5 4. Bg5 Be7 5. Nf3 h6 6. Bh4 g5 7. Bg3 Ne4 8. e3
Bb4 9. Rc1 h5 10. Qa4+ Nc6 11. cxd5 Bxc3+ 12. bxc3 exd5 13. Ne5 Bd7 14. Nxd7
Qxd7 15. f3 Nxg3 16. hxg3 Ne7 17. Qxd7+ Kxd7 18. Bd3 Rh6 19. Rb1 b6 20. Kf2 f5
21. c4 Rf8 22. Rbe1 Kd6 23. cxd5 Nxd5 24. Rh2 f4 25. gxf4 gxf4 26. e4 Ne3 27.
Reh1 Rfh8 28. Rh4 c5 29. dxc5+ Kxc5 30. Rxf4 Kd4 31. Bb1 Nc4 32. e5+ Kd5 33.
Rd1+ Kc5 34. Rc1 b5 35. Bd3 Kd5 36. Bxc4+ bxc4 37. Rfxc4 Kxe5 38. Rc5+ Kd6 39.
Ra5 R6h7 40. Rcc5 h4 41. Rg5 Kc6 42. Rg6+ Kb7 43. Rag5 h3 44. Rg7+ Rxg7 45.
Rxg7+ Kb6 46. gxh3 Rxh3 47. Kg2 Rh5 48. Rd7 Ra5 49. Rd2 Kc6 50. Kg3 Rd5 51.
Rxd5 Kxd5 52. Kg4 Ke6 53. Kg5 Kf7 54. Kf5 a6 55. a3 a5 56. a4 Ke7 57. Kg6 Kd6
58. f4 Kc5 59. f5 Kb4 60. f6 Kxa4 61. f7 Kb3 62. f8=Q a4 63. Qf6 a3 64. Qa1 a2
65. Kf5 Ka3 66. Ke4 Kb3 67. Kd4 1-0

[Event "Karnevalsopen"]
[Site "Solingen"]
[Date "2010.02.13"]
[Round "2"]
[White "Kaplun, David"]
[Black "Tanz, Manfred"]
[Result "1/2-1/2"]
[WhiteElo "1820"]
[BlackElo "1383"]
[PlyCount "95"]
[EventDate "2010.02.14"]
[EventType "swiss"]
[EventRounds "5"]
[EventCountry "GER"]

1. d4 c6 2. c4 d5 3. cxd5 cxd5 4. Nc3 g6 5. Bf4 a6 6. e3 Nf6 7. h3 Bg7 8. Bd3
O-O 9. Nf3 b5 10. a3 Bb7 11. O-O Nbd7 12. Qb3 Bc6 13. Rad1 e6 14. Rfe1 Re8 15.
Rc1 Rc8 16. a4 bxa4 17. Nxa4 Bxa4 18. Qxa4 Rxc1 19. Rxc1 a5 20. Bc7 Qe7 21.
Qxa5 Rc8 22. Rc3 Ne4 23. Bxe4 dxe4 24. Nd2 Nf6 25. Bd6 Qe8 26. Rc5 Ra8 27. Qc3
Nd5 28. Qc4 Nf6 29. b4 Bf8 30. Bxf8 Kxf8 31. Qb5 Qd8 32. Rc6 Kg7 33. Qe5 Qd5
34. Qxd5 exd5 35. Rc2 Rb8 36. Rb2 Kf8 37. f3 Ke7 38. fxe4 dxe4 39. Kf2 Ke6 40.
Nb3 Kd5 41. Na5 Rb5 42. Kg3 Nd7 43. Kf4 f6 44. h4 Nb8 45. g4 Na6 46. Nb3 Nxb4
47. Rb1 Nd3+ 48. Kg3 1/2-1/2

[Event "Karnevalsopen"]
[Site "Solingen"]
[Date "2010.02.13"]
[Round "2"]
[White "Wolf, Wieland"]
[Black "Rosenauer, Horst"]
[Result "0-1"]
[WhiteElo "1366"]
[BlackElo "1789"]
[PlyCount "102"]
[EventDate "2010.02.14"]
[EventType "swiss"]
[EventRounds "5"]
[EventCountry "GER"]

1. e4 e5 2. Nf3 Nc6 3. Bb5 Nf6 4. O-O d6 5. Re1 Bd7 6. c3 Be7 7. d4 O-O 8. d5
Nb8 9. Bd3 c5 10. Bg5 Nxd5 11. exd5 Bxg5 12. Qc2 f5 13. Nxg5 Qxg5 14. Nd2 Na6
15. Nc4 Rf6 16. Ne3 Nc7 17. c4 Raf8 18. Nf1 h5 19. Re3 f4 20. Bh7+ Kh8 21. Rf3
g6 22. Nd2 Kxh7 23. Ne4 Qf5 24. Nxf6+ Qxf6 25. Re1 Ne8 26. Ra3 a6 27. Qd2 Ng7
28. f3 Nf5 29. Qf2 Ne3 30. Rc3 h4 31. g4 hxg3 32. hxg3 Kg7 33. g4 Rh8 34. Rcxe3
fxe3 35. Rxe3 Qf4 36. b3 Qh6 37. Kf1 Qh1+ 38. Qg1 Kf6 39. Qxh1 Rxh1+ 40. Kg2
Rd1 41. Re2 Kg5 42. Kg3 Rd3 43. Kf2 b5 44. Re3 Rd2+ 45. Re2 Rxe2+ 46. Kxe2 bxc4
47. bxc4 Kf4 48. Kf2 Ba4 49. Ke2 g5 50. a3 Bb3 51. Kd3 Kxf3 0-1

[Event "Karnevalsopen"]
[Site "Solingen"]
[Date "2010.02.13"]
[Round "2"]
[White "Granz, Thomas"]
[Black "Ramakers, Andre"]
[Result "0-1"]
[WhiteElo "1735"]
[BlackElo "1353"]
[PlyCount "90"]
[EventDate "2010.02.14"]
[EventType "swiss"]
[EventRounds "5"]
[EventCountry "GER"]

1. e4 d5 2. exd5 Qxd5 3. Nc3 Qd6 4. d4 c6 5. Be3 Nf6 6. Nf3 Bg4 7. Be2 e6 8.
O-O Nbd7 9. Qd2 Qc7 10. a3 Bd6 11. h3 Bh5 12. Rac1 O-O 13. b4 Nd5 14. Nxd5 exd5
15. c4 Nf6 16. cxd5 Nxd5 17. g4 Bg6 18. Nh4 Nxe3 19. fxe3 Be4 20. Bf3 Bg3 21.
Nf5 Bxf5 22. gxf5 Rfe8 23. Bg4 Bh4 24. Rf3 Rad8 25. Rcf1 Bg5 26. Qd3 Qe7 27.
Re1 Qe4 28. Qxe4 Rxe4 29. Kf1 g6 30. fxg6 fxg6 31. Re2 Kg7 32. Ke1 h5 33. Bxh5
gxh5 34. Rg3 Kh6 35. Kd2 Rdxd4+ 36. Kc3 Rd7 37. Rf3 b5 38. Kc2 Rc4+ 39. Kb2 Rd3
40. Rf8 Rxe3 41. Rg2 Rce4 42. Rg1 Re2+ 43. Kc3 R4e3+ 44. Kd4 Rd2+ 45. Kc5 Rc3#
0-1

[Event "Karnevalsopen"]
[Site "Solingen"]
[Date "2010.02.13"]
[Round "2"]
[White "Klinkenberg, Frank"]
[Black "Bashylin, Seva"]
[Result "0-1"]
[WhiteElo "1279"]
[BlackElo "1704"]
[PlyCount "61"]
[EventDate "2010.02.14"]
[EventType "swiss"]
[EventRounds "5"]
[EventCountry "GER"]

1. e4 e6 2. Nf3 d5 3. exd5 exd5 4. d4 Bd6 5. Nc3 Ne7 6. Be2 c6 7. Ne5 O-O 8.
Bf3 f6 9. Nd3 Nf5 10. Ne2 Nh4 11. Nef4 Nxf3+ 12. Qxf3 Re8+ 13. Be3 Qb6 14. O-O
Re4 15. c3 g5 16. Nh5 Nd7 17. Nxf6+ Nxf6 18. Qxf6 Be7 19. Qf3 Bg4 20. Qg3 h5
21. f4 Be2 22. Bd2 h4 23. Qf2 Bxd3 24. Rfe1 Qxb2 25. Red1 Re2 26. Qf3 Rxd2 27.
Qg4 Rf8 28. Qe6+ Rf7 29. Qc8+ Kg7 30. Qg4 Rxf4 31. Qxf4 0-1

[Event "Karnevalsopen"]
[Site "Solingen"]
[Date "2010.02.13"]
[Round "2"]
[White "Pitz, Marco"]
[Black "Shishkov, Mark"]
[Result "1-0"]
[WhiteElo "1697"]
[BlackElo "1160"]
[PlyCount "59"]
[EventDate "2010.02.14"]
[EventType "swiss"]
[EventRounds "5"]
[EventCountry "GER"]

1. d4 Nf6 2. f3 d5 3. e4 dxe4 4. Nc3 b6 5. fxe4 Bb7 6. Bd3 e6 7. Nf3 c5 8. e5
Nd5 9. O-O Nd7 10. Nxd5 Bxd5 11. Ng5 f6 12. Qh5+ g6 13. Bxg6+ Ke7 14. Nf7 hxg6
15. Qxh8 Kxf7 16. exf6 Nxf6 17. Bg5 Bg7 18. Qh4 Qe7 19. Rf2 Rh8 20. Qf4 Rf8 21.
Raf1 Ke8 22. Qb8+ Kf7 23. Qe5 Kg8 24. Bxf6 Bxf6 25. Rxf6 Rxf6 26. Rxf6 cxd4 27.
Rxg6+ Kf8 28. Qh8+ Kf7 29. Rg7+ Kf6 30. Qh6+ 1-0

[Event "Karnevalsopen"]
[Site "Solingen"]
[Date "2010.02.13"]
[Round "2"]
[White "Sherif, Amina"]
[Black "Bosbach, Jens"]
[Result "0-1"]
[WhiteElo "834"]
[BlackElo "1813"]
[PlyCount "78"]
[EventDate "2010.02.14"]
[EventType "swiss"]
[EventRounds "5"]
[EventCountry "GER"]

1. d4 Nf6 2. Nc3 d5 3. Bf4 c6 4. Nf3 e6 5. e3 Qb6 6. Rb1 Nbd7 7. Bd3 Be7 8. O-O
O-O 9. Na4 Qa5 10. b3 b5 11. Nc5 Nxc5 12. dxc5 Bxc5 13. Qd2 Qxd2 14. Nxd2 a5
15. Be5 Be7 16. Nf3 Nd7 17. Bf4 Bb7 18. c4 b4 19. cxd5 cxd5 20. Rbc1 Rfc8 21.
Rc2 Rxc2 22. Bxc2 Rc8 23. Rc1 Bf6 24. Bd6 Bb2 25. Rd1 Rxc2 26. h3 h6 27. Kh2
Rxf2 28. Kg3 Rc2 29. Rf1 Nf6 30. Ne5 Ne4+ 31. Kh2 Nxd6 32. Nd3 d4 33. exd4
Rxg2+ 34. Kh1 Rd2+ 35. Kg1 Bxd4+ 36. Nf2 Ne4 37. Kg2 Nxf2+ 38. Kg3 Rd3+ 39. Kf4
g5# 0-1

[Event "Karnevalsopen"]
[Site "Solingen"]
[Date "2010.02.13"]
[Round "2"]
[White "Hobusch, Jan"]
[Black "Sadlowski, Ruben"]
[Result "1-0"]
[WhiteElo "1714"]
[BlackElo "829"]
[PlyCount "99"]
[EventDate "2010.02.14"]
[EventType "swiss"]
[EventRounds "5"]
[EventCountry "GER"]

1. e4 d5 2. exd5 Qxd5 3. Nc3 Qa5 4. d4 Nf6 5. Bc4 c6 6. Bb3 e6 7. Bd2 Qc7 8.
Nge2 Bb4 9. a3 Bxc3 10. Nxc3 O-O 11. O-O Nbd7 12. Qf3 b6 13. Bf4 e5 14. dxe5
Nxe5 15. Bxe5 Qxe5 16. Qxc6 Bd7 17. Qf3 Rae8 18. Qg3 Qf5 19. Qd3 Qg5 20. Nd5
Nxd5 21. Qxd5 Re5 22. Qxd7 a5 23. f4 Qe7 24. Qxe7 Rxe7 25. Rfe1 Rfe8 26. Kf2
Kf8 27. Rxe7 Rxe7 28. Rd1 f5 29. Rd8+ Re8 30. Rxe8+ Kxe8 31. Be6 g6 32. Ke3 Ke7
33. Bg8 h6 34. h4 Kf6 35. Kd4 h5 36. Bh7 b5 37. Bxg6 Kxg6 38. Ke5 b4 39. axb4
axb4 40. c4 bxc3 41. bxc3 Kh6 42. Kxf5 Kh7 43. Kf6 Kh6 44. c4 Kh7 45. Kf7 Kh8
46. c5 Kh7 47. c6 Kh6 48. c7 Kh7 49. c8=R Kh6 50. Rh8# 1-0

[Event "Karnevalsopen"]
[Site "Solingen"]
[Date "2010.02.13"]
[Round "2"]
[White "Niemeyer, Maximilian"]
[Black "Wastian, Hans-Georg"]
[Result "0-1"]
[WhiteElo "758"]
[BlackElo "1702"]
[PlyCount "78"]
[EventDate "2010.02.14"]
[EventType "swiss"]
[EventRounds "5"]
[EventCountry "GER"]

1. e4 c6 2. Bc4 d5 3. exd5 cxd5 4. Bb5+ Nc6 5. Nf3 a6 6. Bxc6+ bxc6 7. d4 Bg4
8. O-O Nf6 9. Bg5 e6 10. Bxf6 Qxf6 11. Nc3 Bd6 12. Re1 O-O 13. Qd3 Bxf3 14.
gxf3 Qh4 15. Re5 Bxe5 16. dxe5 Qg5+ 17. Kf1 Qxe5 18. Na4 Qxh2 19. Rd1 Rfe8 20.
Nc5 e5 21. Re1 h5 22. Nxa6 e4 23. fxe4 Qh1+ 24. Ke2 Rxe4+ 25. Qe3 Rxe3+ 26.
fxe3 Qxe1+ 27. Kxe1 Rxa6 28. a3 g5 29. Kf2 Ra4 30. c3 Kg7 31. Kf3 Kf6 32. Ke2
h4 33. Kf1 Ke5 34. Kg2 Ke4 35. Kf2 h3 36. Kg3 Kxe3 37. Kxh3 Kf3 38. c4 Rxc4 39.
b3 Rh4# 0-1

[Event "Karnevalsopen"]
[Site "Solingen"]
[Date "2010.02.13"]
[Round "3"]
[White "Menacher, Manfred"]
[Black "Zaitsev, Mikhail"]
[Result "1/2-1/2"]
[WhiteElo "2264"]
[BlackElo "2500"]
[PlyCount "29"]
[EventDate "2010.02.14"]
[EventType "swiss"]
[EventRounds "5"]
[EventCountry "GER"]

1. c4 e5 2. g3 Nf6 3. Bg2 c6 4. d4 exd4 5. Qxd4 d5 6. Nf3 Be7 7. cxd5 cxd5 8.
O-O Nc6 9. Qa4 O-O 10. Nc3 Qb6 11. Qb5 d4 12. Qxb6 axb6 13. Nb5 Rd8 14. Rd1 Bc5
15. Bd2 1/2-1/2

[Event "Karnevalsopen"]
[Site "Solingen"]
[Date "2010.02.13"]
[Round "3"]
[White "Henrichs, Thomas"]
[Black "Helbig, Mark"]
[Result "0-1"]
[WhiteElo "2471"]
[BlackElo "2362"]
[PlyCount "74"]
[EventDate "2010.02.14"]
[EventType "swiss"]
[EventRounds "5"]
[EventCountry "GER"]

1. d4 Nf6 2. c4 e6 3. Nc3 d5 4. cxd5 exd5 5. Bg5 Be7 6. e3 Nbd7 7. Bd3 b6 8.
Qa4 Bb7 9. Bxf6 Bxf6 10. Nge2 c6 11. O-O O-O 12. Bf5 g6 13. Bh3 Bg7 14. Rfd1
Nf6 15. Rac1 Qe7 16. g3 Rfe8 17. a3 h5 18. b4 a6 19. Qb3 b5 20. Nf4 Bc8 21.
Bxc8 Rexc8 22. Rc2 g5 23. Ng2 Ne8 24. h4 Bf6 25. hxg5 Bxg5 26. e4 dxe4 27. Re2
Nd6 28. Rde1 Re8 29. Nxe4 Nxe4 30. Qd3 f5 31. f3 Rad8 32. fxe4 Qd6 33. exf5
Rxe2 34. Qxe2 Qxg3 35. Qe6+ Kh8 36. Qf7 Qg4 37. d5 Rg8 0-1

[Event "Karnevalsopen"]
[Site "Solingen"]
[Date "2010.02.13"]
[Round "3"]
[White "Wolter, Kai"]
[Black "Mladenov, Svetlin"]
[Result "0-1"]
[WhiteElo "2203"]
[BlackElo "2458"]
[PlyCount "140"]
[EventDate "2010.02.14"]
[EventType "swiss"]
[EventRounds "5"]
[EventCountry "GER"]

1. e4 c5 2. Nf3 e6 3. d4 cxd4 4. Nxd4 Nc6 5. Nc3 Qc7 6. Be3 a6 7. Bd3 Nf6 8.
O-O Nxd4 9. Bxd4 Bc5 10. Bxc5 Qxc5 11. Kh1 d6 12. Na4 Qc7 13. c4 O-O 14. Rc1
Bd7 15. Nc3 Rfd8 16. Qd2 Rac8 17. Rfd1 Qb8 18. f3 Be8 19. Bf1 b5 20. cxb5 axb5
21. Qe3 b4 22. Ne2 Rxc1 23. Nxc1 Qc7 24. Nd3 Bb5 25. Nxb4 Bxf1 26. Rxf1 Qc4 27.
Nd3 Qxa2 28. Qb6 Qa8 29. Rc1 h5 30. h4 Rb8 31. Qc6 Qxc6 32. Rxc6 Ne8 33. b4 Kf8
34. Kh2 Ke7 35. Kg3 e5 36. Ra6 Rb7 37. Ra4 g6 38. Nb2 f5 39. Nc4 Nf6 40. Na5
Rb5 41. exf5 gxf5 42. Nc4 Rd5 43. Nb6 Rd4 44. b5 f4+ 45. Kf2 Rd2+ 46. Kf1 Rb2
47. Ra5 Ke6 48. Nc4 Rb4 49. Na3 Kd5 50. Ra7 Rb3 51. Ra5 Nd7 52. Kf2 Nc5 53. Ke2
Rb2+ 54. Kd1 Rxg2 55. b6 Rb2 56. Rb5 Rxb5 57. Nxb5 Kc6 58. Nc7 Nd7 59. Ne8 d5
60. Ng7 Nf6 61. Nf5 Kxb6 62. Ke2 Kc5 63. Ne7 Kd6 64. Nc8+ Ke6 65. Nb6 Ne8 66.
Na4 Kd6 67. Nc3 Ng7 68. Nb5+ Kd7 69. Nc3 Kc6 70. Nd1 Nf5 0-1

[Event "Karnevalsopen"]
[Site "Solingen"]
[Date "2010.02.13"]
[Round "3"]
[White "Wegerle, Jörg"]
[Black "Nagel, Bernhard"]
[Result "1-0"]
[WhiteElo "2450"]
[BlackElo "2264"]
[PlyCount "93"]
[EventDate "2010.02.14"]
[EventType "swiss"]
[EventRounds "5"]
[EventCountry "GER"]

1. e4 e6 2. d4 d5 3. Nc3 Nf6 4. e5 Nfd7 5. f4 c5 6. Nf3 Nc6 7. Be3 cxd4 8. Nxd4
Bc5 9. Qd2 O-O 10. O-O-O a6 11. Kb1 Nxd4 12. Bxd4 Qc7 13. Qe3 b5 14. Bd3 Bxd4
15. Qxd4 Qc5 16. Ne2 b4 17. Rhe1 a5 18. f5 Qxd4 19. Nxd4 Nc5 20. g4 Ba6 21. Re3
Rfc8 22. f6 Bxd3 23. cxd3 Nd7 24. g5 Rc5 25. h4 a4 26. h5 Nf8 27. Nc2 Rb8 28.
d4 Rc7 29. b3 Nd7 30. Rg3 axb3 31. axb3 Nf8 32. Kb2 Ra7 33. Rgg1 Rc7 34. Rg3
Ra7 35. Ra1 Rxa1 36. Kxa1 Rb7 37. Kb2 Nd7 38. Rg1 Rb8 39. h6 g6 40. Ra1 Kf8 41.
Ra4 Ke8 42. Nxb4 Nb6 43. Ra6 Nc8 44. Nd3 Nb6 45. Nc5 Nc4+ 46. Kc3 Ne3 47. Ra7
1-0

[Event "Karnevalsopen"]
[Site "Solingen"]
[Date "2010.02.13"]
[Round "3"]
[White "Lasschuit, René"]
[Black "Seger, Rüdiger"]
[Result "0-1"]
[WhiteElo "1881"]
[BlackElo "2407"]
[PlyCount "42"]
[EventDate "2010.02.14"]
[EventType "swiss"]
[EventRounds "5"]
[EventCountry "GER"]

1. d4 Nf6 2. Nf3 g6 3. g3 Bg7 4. Bg2 O-O 5. O-O d5 6. h3 c5 7. c4 dxc4 8. dxc5
Qa5 9. Qc2 Qxc5 10. Be3 Qa5 11. Qxc4 Nc6 12. Nd4 Nxd4 13. Bxd4 Rd8 14. Bc3 Qb6
15. Na3 Be6 16. Qb5 Qxb5 17. Nxb5 Bc4 18. Nd4 Nd5 19. Bxd5 Rxd5 20. Rfd1 Rad8
21. Rd2 Bxd4 0-1

[Event "Karnevalsopen"]
[Site "Solingen"]
[Date "2010.02.13"]
[Round "3"]
[White "Michalczak, Thomas"]
[Black "Harff, Marcel"]
[Result "1-0"]
[WhiteElo "2363"]
[BlackElo "2174"]
[PlyCount "99"]
[EventDate "2010.02.14"]
[EventType "swiss"]
[EventRounds "5"]
[EventCountry "GER"]

1. e4 e6 2. d4 d5 3. Nc3 Bb4 4. e5 c5 5. a3 Bxc3+ 6. bxc3 Qc7 7. Qg4 Kf8 8. Bd2
Bd7 9. a4 Nc6 10. Bd3 h5 11. Qf4 c4 12. Be2 Nge7 13. h4 Nf5 14. Nf3 Rc8 15. Ng5
f6 16. exf6 gxf6 17. Qxc7 Rxc7 18. Nh3 Be8 19. Nf4 Bf7 20. Bf3 Rd7 21. g3 e5
22. dxe5 fxe5 23. Nh3 d4 24. cxd4 Ncxd4 25. Bb4+ Ke8 26. Bd1 Bd5 27. O-O Bf3
28. c3 Bxd1 29. Raxd1 Nc6 30. Rxd7 Kxd7 31. Ba3 Kc7 32. Ng5 Kb6 33. Rb1+ Ka5
34. Rxb7 Kxa4 35. Bc5 a5 36. Ne4 Rb8 37. Rf7 Nfd4 38. cxd4 exd4 39. Rc7 Re8 40.
Nd6 Re1+ 41. Kg2 c3 42. Rxc6 c2 43. Bxd4 c1=Q 44. Rxc1 Rxc1 45. g4 Rd1 46. Be5
hxg4 47. h5 Rd5 48. Nf7 Rd7 49. h6 Rxf7 50. Bg7 1-0

[Event "Karnevalsopen"]
[Site "Solingen"]
[Date "2010.02.13"]
[Round "3"]
[White "Rist, Kurt"]
[Black "Görke, Joachim"]
[Result "0-1"]
[WhiteElo "1633"]
[BlackElo "2162"]
[PlyCount "110"]
[EventDate "2010.02.14"]
[EventType "swiss"]
[EventRounds "5"]
[EventCountry "GER"]

1. e4 d6 2. Nc3 e5 3. Bc4 Nf6 4. d3 Nc6 5. Bg5 Be7 6. Qd2 a6 7. a4 Nd4 8. Nge2
Nxe2 9. Qxe2 c6 10. a5 O-O 11. Be3 d5 12. Bb6 Qd6 13. Bb3 Be6 14. d4 Nxe4 15.
Nxe4 dxe4 16. Bc5 Qd7 17. Bxe7 Qxe7 18. Bxe6 Qxe6 19. dxe5 Qxe5 20. O-O Rfe8
21. c3 Rad8 22. Ra4 e3 23. f4 Qb5 24. Qxb5 cxb5 25. Rd4 Kf8 26. g3 Rxd4 27.
cxd4 Rd8 28. Rd1 e2 29. Re1 Rxd4 30. Rxe2 Ra4 31. Rc2 Rxa5 32. Rc8+ Ke7 33.
Rc7+ Ke6 34. g4 Ra1+ 35. Kg2 Ra2 36. Rc2 f5 37. h3 fxg4 38. hxg4 a5 39. Kf3 h6
40. Ke4 Ra4+ 41. Kf3 Rb4 42. Ke3 g5 43. f5+ Kd5 44. Rd2+ Ke5 45. Kf3 Rb3+ 46.
Kg2 a4 47. Re2+ Kf6 48. Re6+ Kf7 49. Re2 b4 50. Rc2 a3 51. Rc7+ Kf6 52. bxa3
bxa3 53. Rh7 a2 54. Rxh6+ Kg7 55. Rh1 Rb1 0-1

[Event "Karnevalsopen"]
[Site "Solingen"]
[Date "2010.02.13"]
[Round "3"]
[White "Rosenauer, Horst"]
[Black "Flesch, Stefan"]
[Result "0-1"]
[WhiteElo "1789"]
[BlackElo "2134"]
[PlyCount "108"]
[EventDate "2010.02.14"]
[EventType "swiss"]
[EventRounds "5"]
[EventCountry "GER"]

1. e4 g6 2. d4 Bg7 3. c4 d6 4. Nc3 Nd7 5. f4 e5 6. Be3 c6 7. Qd2 Qc7 8. Nf3 Ne7
9. fxe5 dxe5 10. d5 Ng8 11. Be2 Ngf6 12. h3 O-O 13. O-O Ne8 14. Rad1 Bf6 15.
Nh2 Be7 16. Kh1 Bc5 17. Bh6 Ng7 18. Ng4 Nh5 19. Kh2 Re8 20. Ne3 Nf4 21. Rf3 Bf8
22. Bxf8 Nxf8 23. Bf1 Qe7 24. g3 Nh5 25. Qf2 h6 26. Ne2 Nh7 27. g4 Nf4 28. Rg3
cxd5 29. cxd5 Qb4 30. Nc3 Bd7 31. a3 Qb6 32. Qd2 Rac8 33. Nc4 Qf6 34. Ne3 Ng5
35. Qf2 Rxc3 36. bxc3 Nxe4 37. Qb2 Nxg3 38. Kxg3 b6 39. c4 h5 40. Be2 hxg4 41.
Nxg4 Nh5+ 42. Kg2 Qf4 43. Qc3 Qg5 44. Kf1 Nf4 45. Qf3 Bxg4 46. hxg4 Qh4 47. d6
Qh3+ 48. Qxh3 Nxh3 49. Rd5 Nf4 50. d7 Rd8 51. Rd6 Nxe2 52. Kxe2 Kf8 53. Ke3 Ke7
54. Rd5 Ke6 0-1

[Event "Karnevalsopen"]
[Site "Solingen"]
[Date "2010.02.13"]
[Round "3"]
[White "Klamp, Christoph"]
[Black "Bashylin, Seva"]
[Result "1-0"]
[WhiteElo "2129"]
[BlackElo "1704"]
[PlyCount "55"]
[EventDate "2010.02.14"]
[EventType "swiss"]
[EventRounds "5"]
[EventCountry "GER"]

1. e4 e6 2. d4 d5 3. Nd2 dxe4 4. Nxe4 Nd7 5. Nf3 Ngf6 6. Bd3 Be7 7. Bf4 Nxe4 8.
Bxe4 O-O 9. c3 Nf6 10. Bc2 b6 11. Qd3 Bb7 12. Ng5 g6 13. h4 Nh5 14. Bd2 Bxg2
15. Rg1 Bxg5 16. Bxg5 Qd5 17. O-O-O Ng7 18. Rde1 Nf5 19. Qd2 f6 20. Bb3 Qb7 21.
Rxe6 Kg7 22. Bf4 Rfe8 23. h5 Rxe6 24. Bxe6 Nh4 25. Bh6+ Kh8 26. Qf4 Qf3 27.
Qxc7 Qb7 28. Bg7# 1-0

[Event "Karnevalsopen"]
[Site "Solingen"]
[Date "2010.02.13"]
[Round "3"]
[White "Bosbach, Jens"]
[Black "Taeger, Torsten"]
[Result "0-1"]
[WhiteElo "1813"]
[BlackElo "2120"]
[PlyCount "120"]
[EventDate "2010.02.14"]
[EventType "swiss"]
[EventRounds "5"]
[EventCountry "GER"]

1. d4 g6 2. Nf3 Bg7 3. e3 d6 4. c4 Nd7 5. Nc3 e5 6. Be2 Ngf6 7. O-O O-O 8. dxe5
dxe5 9. Qc2 c6 10. b3 Qe7 11. Bb2 Re8 12. e4 Nh5 13. g3 Nf8 14. Rad1 h6 15. Bc1
Bh3 16. Rfe1 Ne6 17. Be3 b6 18. Qc1 Kh7 19. Rd3 Rad8 20. Red1 Rxd3 21. Rxd3 Nc5
22. Rd1 Nf6 23. Qc2 Ng4 24. Bxc5 Qxc5 25. Bd3 Rd8 26. Na4 Qe7 27. Bf1 Bxf1 28.
Kxf1 Rxd1+ 29. Qxd1 Nf6 30. Nc3 Nd7 31. Qc2 Nf8 32. Qd3 Ne6 33. Kg2 Kg8 34. h3
Kf8 35. Na4 Ke8 36. Nd2 h5 37. Nf3 h4 38. Qd2 hxg3 39. fxg3 Nd4 40. Qg5 Qa3 41.
Qd2 Qe7 42. Qg5 Qd6 43. Qd2 Ke7 44. Nc3 Qe6 45. Ne2 Nxf3 46. Kxf3 Qxh3 47. Nc3
Qh1+ 48. Qg2 Qxg2+ 49. Kxg2 f5 50. Kf3 Ke6 51. b4 Bf8 52. b5 Bb4 53. Nd1 Kd6
54. Nb2 cxb5 55. Nd3 Bc3 56. cxb5 Ke6 57. g4 Kf6 58. gxf5 gxf5 59. exf5 Kxf5
60. Nf2 Bd4 0-1